[Event "Russian Championship (Rapid, Men)"]
[Site "Sochi"]
[Date "2018.10.06"]
[Round "8.3"]
[White "Matlakov, Maxim"]
[Black "Antipov, Mikhail Al."]
[Result "1-0"]
[BlackElo "2642"]
[WhiteElo "2678"]
[LiveChessVersion "1.4.8"]

1. d4 {[%clk 0:14:56]} Nf6 {[%clk 0:15:19]} 2. c4 {[%clk 0:15:02]} c6
{[%clk 0:15:29]} 3. Nf3 {[%clk 0:15:05]} d5 {[%clk 0:15:38]} 4. Nc3
{[%clk 0:15:13]} a6 {[%clk 0:15:48]} 5. e3 {[%clk 0:15:17]} Bf5 {[%clk 0:15:56]}
6. Ne5 {[%clk 0:15:19]} Nbd7 {[%clk 0:15:45]} 7. Qb3 {[%clk 0:15:25]} Qc7
{[%clk 0:15:54]} 8. cxd5 {[%clk 0:15:27]} Nxe5 {[%clk 0:15:51]} 9. dxe5
{[%clk 0:15:35]} Nxd5 {[%clk 0:15:59]} 10. Nxd5 {[%clk 0:15:35]} cxd5
{[%clk 0:16:08]} 11. Bd2 {[%clk 0:15:41]} Qxe5 {[%clk 0:16:06]} 12. Rc1
{[%clk 0:15:30]} Bd7 {[%clk 0:16:00]} 13. Be2 {[%clk 0:15:34]} e6
{[%clk 0:14:50]} 14. Bc3 {[%clk 0:14:51]} Qb8 {[%clk 0:14:15]} 15. f4
{[%clk 0:13:41]} Bd6 {[%clk 0:12:15]} 16. Bxg7 {[%clk 0:13:19]} Rg8
{[%clk 0:12:25]} 17. Qc3 {[%clk 0:13:15]} Qc8 {[%clk 0:11:43]} 18. Kf2
{[%clk 0:13:01]} Qxc3 {[%clk 0:11:34]} 19. Bxc3 {[%clk 0:13:09]} Bb5
{[%clk 0:11:30]} 20. Bf3 {[%clk 0:12:49]} f5 {[%clk 0:10:45]} 21. h3
{[%clk 0:12:26]} Be7 {[%clk 0:08:14]} 22. Be5 {[%clk 0:08:18]} Bh4+
{[%clk 0:05:42]} 23. Kg1 {[%clk 0:08:26]} Bc6 {[%clk 0:05:31]} 24. g4
{[%clk 0:08:21]} Ke7 {[%clk 0:04:44]} 25. Kh2 {[%clk 0:07:41]} Rac8
{[%clk 0:03:45]} 26. Bd4 {[%clk 0:05:54]} Bb5 {[%clk 0:02:41]} 27. Rhd1
{[%clk 0:05:44]} Rxc1 {[%clk 0:01:06]} 28. Rxc1 {[%clk 0:05:52]} Bc6
{[%clk 0:01:15]} 29. Be2 {[%clk 0:05:26]} h6 {[%clk 0:00:48]} 30. Bxa6
{[%clk 0:04:00]} Ra8 {[%clk 0:00:28]} 31. Bxb7 {[%clk 0:03:41]} Bxb7
{[%clk 0:00:33]} 32. Rc7+ {[%clk 0:03:50]} Ke8 {[%clk 0:00:25]} 33. Rxb7
{[%clk 0:03:58]} Rxa2 {[%clk 0:00:31]} 34. gxf5 {[%clk 0:03:42]} exf5
{[%clk 0:00:32]} 35. Rb5 {[%clk 0:03:51]} Kf7 {[%clk 0:00:28]} 36. Rxd5
{[%clk 0:03:59]} Kg6 {[%clk 0:00:35]} 37. Rd6+ {[%clk 0:04:07]} Kh7
{[%clk 0:00:38]} 38. Rd7+ {[%clk 0:03:47]} Kg6 {[%clk 0:00:47]} 39. Rg7+
{[%clk 0:03:47]} Kh5 {[%clk 0:00:56]} 40. Ra7 {[%clk 0:03:55]} 1-0

[Event "Russian Championship (Rapid, Men)"]
[Site "Sochi"]
[Date "2018.10.06"]
[Round "8.4"]
[White "Tomashevsky, Evgeny"]
[Black "Timofeev, Artyom"]
[Result "1-0"]
[BlackElo "2636"]
[WhiteElo "2726"]
[LiveChessVersion "1.4.8"]

1. Nf3 {[%clk 0:15:18]} d5 2. d4 {[%clk 0:15:20]} Nf6 {[%clk 0:15:21]} 3. c4
{[%clk 0:15:27]} dxc4 {[%clk 0:15:28]} 4. e3 {[%clk 0:15:30]} e6 {[%clk 0:15:36]}
5. Bxc4 {[%clk 0:15:37]} c5 {[%clk 0:15:42]} 6. O-O {[%clk 0:15:43]} a6
{[%clk 0:15:49]} 7. dxc5 {[%clk 0:15:46]} Bxc5 {[%clk 0:15:55]} 8. Qxd8+
{[%clk 0:15:05]} Kxd8 {[%clk 0:16:03]} 9. Nbd2 {[%clk 0:14:04]} Ke7
{[%clk 0:15:38]} 10. Be2 {[%clk 0:13:53]} Bd7 {[%clk 0:15:30]} 11. Rd1
{[%clk 0:10:10]} Ba4 {[%clk 0:11:57]} 12. b3 {[%clk 0:09:46]} Bb5
{[%clk 0:12:04]} 13. Kf1 {[%clk 0:07:51]} Bxe2+ {[%clk 0:11:01]} 14. Kxe2
{[%clk 0:08:00]} Nbd7 {[%clk 0:09:56]} 15. Bb2 {[%clk 0:08:08]} Rac8
{[%clk 0:09:00]} 16. Rac1 {[%clk 0:07:49]} b5 {[%clk 0:06:15]} 17. g4
{[%clk 0:07:03]} h6 {[%clk 0:05:40]} 18. h3 {[%clk 0:07:01]} Rhd8
{[%clk 0:05:09]} 19. Rc2 {[%clk 0:06:33]} Bb6 {[%clk 0:04:23]} 20. Rdc1
{[%clk 0:05:58]} Rxc2 {[%clk 0:04:30]} 21. Rxc2 {[%clk 0:06:07]} g6
{[%clk 0:04:15]} 22. Ba3+ {[%clk 0:05:18]} Ke8 {[%clk 0:04:23]} 23. Rc6
{[%clk 0:05:27]} Nd5 {[%clk 0:03:55]} 24. Ne4 {[%clk 0:05:34]} b4
{[%clk 0:04:03]} 25. Bb2 {[%clk 0:05:35]} Ke7 {[%clk 0:04:07]} 26. Ne5
{[%clk 0:04:26]} Nb8 {[%clk 0:04:09]} 27. Rc2 {[%clk 0:04:02]} a5
{[%clk 0:04:13]} 28. h4 {[%clk 0:04:00]} Bc7 {[%clk 0:03:40]} 29. Nf3
{[%clk 0:01:55]} Nd7 {[%clk 0:02:50]} 30. g5 {[%clk 0:01:20]} hxg5
{[%clk 0:02:58]} 31. hxg5 {[%clk 0:01:29]} Ra8 {[%clk 0:03:03]} 32. Nd4
{[%clk 0:01:27]} a4 {[%clk 0:02:58]} 33. Nc6+ {[%clk 0:00:48]} Ke8
{[%clk 0:03:06]} 34. Bd4 {[%clk 0:00:48]} axb3 {[%clk 0:02:57]} 35. axb3
{[%clk 0:00:58]} Bb6 {[%clk 0:02:26]} 36. Bg7 {[%clk 0:00:47]} Bc7
{[%clk 0:01:36]} 37. Nxb4 {[%clk 0:00:21]} Nxb4 {[%clk 0:01:44]} 38. Rxc7
{[%clk 0:00:29]} Nd5 {[%clk 0:01:40]} 39. Rb7 {[%clk 0:00:26]} Ra6
{[%clk 0:00:52]} 40. Kf3 {[%clk 0:00:32]} Rb6 {[%clk 0:00:41]} 41. Rxb6
{[%clk 0:00:20]} N7xb6 {[%clk 0:00:49]} 42. Ke2 {[%clk 0:00:19]} Kd7
{[%clk 0:00:56]} 43. Kd3 {[%clk 0:00:16]} Kc6 {[%clk 0:01:04]} 44. Bf8
{[%clk 0:00:14]} Nd7 {[%clk 0:01:07]} 45. Ba3 {[%clk 0:00:22]} f5
{[%clk 0:00:50]} 46. gxf6 {[%clk 0:00:25]} N7xf6 {[%clk 0:00:57]} 47. Nxf6
{[%clk 0:00:17]} Nxf6 {[%clk 0:01:06]} 48. f3 {[%clk 0:00:26]} Kd5
{[%clk 0:00:37]} 49. e4+ {[%clk 0:00:33]} Kc6 {[%clk 0:00:45]} 50. Kc4
{[%clk 0:00:15]} Nh5 {[%clk 0:00:17]} 51. Kd4 {[%clk 0:00:15]} Kd7
{[%clk 0:00:17]} 52. Ke5 {[%clk 0:00:24]} Ng3 {[%clk 0:00:25]} 53. b4
{[%clk 0:00:26]} Ne2 {[%clk 0:00:30]} 54. b5 {[%clk 0:00:31]} Ng1 55. f4
{[%clk 0:00:31]} Ne2 {[%clk 0:00:18]} 56. Bc5 {[%clk 0:00:40]} Nc3
{[%clk 0:00:25]} 57. b6 {[%clk 0:00:48]} Kc6 {[%clk 0:00:34]} 58. Be3
{[%clk 0:00:44]} Kb7 {[%clk 0:00:36]} 59. Bd4 {[%clk 0:00:23]} Ne2
{[%clk 0:00:43]} 60. Bf2 {[%clk 0:00:30]} Kc6 {[%clk 0:00:42]} 61. Kxe6
{[%clk 0:00:27]} Nxf4+ {[%clk 0:00:51]} 62. Kf6 {[%clk 0:00:37]} g5
{[%clk 0:00:53]} 63. e5 {[%clk 0:00:45]} Kd7 {[%clk 0:00:30]} 64. Kf5
{[%clk 0:00:46]} Kc6 {[%clk 0:00:19]} 65. e6 {[%clk 0:00:40]} Nd5
{[%clk 0:00:14]} 66. Kg6 {[%clk 0:00:44]} g4 {[%clk 0:00:12]} 67. Kf7
{[%clk 0:00:50]} Kd6 {[%clk 0:00:21]} 68. Bd4 {[%clk 0:00:16]} g3
{[%clk 0:00:19]} 69. Bg1 {[%clk 0:00:22]} g2 {[%clk 0:00:21]} 70. Bf2
{[%clk 0:00:31]} Kc6 {[%clk 0:00:12]} 71. e7 {[%clk 0:00:33]} 1-0

[Event "Russian Championship (Rapid, Men)"]
[Site "Sochi"]
[Date "2018.10.06"]
[Round "8.5"]
[White "Oparin, Grigoriy"]
[Black "Khanin, Semen"]
[Result "1-0"]
[BlackElo "2523"]
[WhiteElo "2671"]
[LiveChessVersion "1.4.8"]

1. c4 {[%clk 0:15:19]} Nf6 {[%clk 0:15:17]} 2. Nc3 {[%clk 0:15:27]} e5
{[%clk 0:15:25]} 3. Nf3 {[%clk 0:15:34]} Nc6 {[%clk 0:15:32]} 4. e3
{[%clk 0:15:42]} g6 {[%clk 0:15:41]} 5. d4 {[%clk 0:15:37]} d6 {[%clk 0:15:49]}
6. h3 {[%clk 0:15:17]} Bg7 {[%clk 0:15:53]} 7. Bd3 {[%clk 0:14:20]} O-O
{[%clk 0:15:58]} 8. O-O {[%clk 0:14:27]} Re8 {[%clk 0:15:53]} 9. dxe5
{[%clk 0:13:00]} dxe5 {[%clk 0:15:21]} 10. e4 {[%clk 0:13:07]} Nd4
{[%clk 0:15:01]} 11. Nxd4 {[%clk 0:09:38]} exd4 {[%clk 0:15:03]} 12. Nd5
{[%clk 0:09:47]} Nxe4 {[%clk 0:14:16]} 13. Bf4 {[%clk 0:09:48]} Nd6
{[%clk 0:10:30]} 14. c5 {[%clk 0:09:47]} c6 {[%clk 0:10:39]} 15. cxd6
{[%clk 0:09:24]} cxd5 {[%clk 0:10:37]} 16. Re1 {[%clk 0:06:30]} Rxe1+
{[%clk 0:10:37]} 17. Qxe1 {[%clk 0:06:39]} Be6 {[%clk 0:10:30]} 18. Rc1
{[%clk 0:03:40]} Bf8 {[%clk 0:09:52]} 19. Qb4 {[%clk 0:03:27]} Rc8
{[%clk 0:07:26]} 20. Rxc8 {[%clk 0:02:53]} Bxc8 {[%clk 0:07:34]} 21. Qc5
{[%clk 0:02:43]} Be6 {[%clk 0:07:30]} 22. a4 {[%clk 0:01:20]} a6 {[%clk 0:06:30]}
23. b4 {[%clk 0:01:13]} h5 {[%clk 0:05:28]} 24. b5 {[%clk 0:00:53]} axb5
{[%clk 0:04:07]} 25. axb5 {[%clk 0:01:01]} Qf6 {[%clk 0:04:05]} 26. Bh2
{[%clk 0:00:29]} Qg5 {[%clk 0:04:05]} 27. Qxd4 {[%clk 0:00:20]} Bxh3
{[%clk 0:04:07]} 28. Bf1 {[%clk 0:00:27]} Bd7 {[%clk 0:04:05]} 29. Qb6
{[%clk 0:00:29]} Qc1 {[%clk 0:03:24]} 30. Qxb7 {[%clk 0:00:37]} Bg4
{[%clk 0:03:30]} 31. Qc6 {[%clk 0:00:19]} Qd1 {[%clk 0:03:32]} 32. Qe8
{[%clk 0:00:22]} Bf5 {[%clk 0:03:07]} 33. d7 {[%clk 0:00:25]} Bd3
{[%clk 0:02:57]} 34. Qxf8+ {[%clk 0:00:19]} Kxf8 {[%clk 0:03:05]} 35. d8=Q+
{[%clk 0:00:27]} Kg7 {[%clk 0:03:14]} 36. Be5+ {[%clk 0:00:36]} Kh6
{[%clk 0:03:03]} 37. Qh8+ {[%clk 0:00:44]} Kg5 {[%clk 0:03:11]} 38. Qf6+
{[%clk 0:00:53]} Kh6 {[%clk 0:03:17]} 39. Bf4+ {[%clk 0:01:02]} 1-0

[Event "Russian Championship (Rapid, Men)"]
[Site "Sochi"]
[Date "2018.10.06"]
[Round "8.6"]
[White "Demchenko, Anton"]
[Black "Sakaev, Konstantin"]
[Result "1-0"]
[BlackElo "2654"]
[WhiteElo "2620"]
[LiveChessVersion "1.4.8"]

1. e4 {[%clk 0:15:18]} c5 {[%clk 0:15:19]} 2. Nf3 {[%clk 0:15:17]} d6
{[%clk 0:15:27]} 3. d4 {[%clk 0:15:25]} cxd4 {[%clk 0:15:36]} 4. Qxd4
{[%clk 0:15:34]} Nc6 {[%clk 0:15:38]} 5. Qe3 {[%clk 0:15:42]} g6 {[%clk 0:15:37]}
6. Be2 {[%clk 0:15:46]} Bg7 {[%clk 0:15:24]} 7. O-O {[%clk 0:15:53]} Nf6
{[%clk 0:15:32]} 8. h3 {[%clk 0:15:55]} O-O {[%clk 0:15:39]} 9. Rd1
{[%clk 0:16:04]} Be6 {[%clk 0:13:56]} 10. Nc3 {[%clk 0:15:30]} Qb6
{[%clk 0:13:16]} 11. Qxb6 {[%clk 0:14:05]} axb6 {[%clk 0:13:24]} 12. a3
{[%clk 0:14:08]} Rfc8 {[%clk 0:11:01]} 13. Rb1 {[%clk 0:13:17]} Na5
{[%clk 0:09:53]} 14. Bd3 {[%clk 0:11:29]} Nc4 {[%clk 0:09:39]} 15. Ne2
{[%clk 0:09:53]} d5 {[%clk 0:07:37]} 16. exd5 {[%clk 0:09:02]} Bxd5
{[%clk 0:07:43]} 17. Ne1 {[%clk 0:08:29]} Ne5 {[%clk 0:06:11]} 18. Nc3
{[%clk 0:08:35]} Nxd3 {[%clk 0:05:35]} 19. Nxd3 {[%clk 0:08:43]} Be6
{[%clk 0:05:15]} 20. Nb4 {[%clk 0:05:41]} Rxc3 {[%clk 0:03:50]} 21. bxc3
{[%clk 0:05:49]} Ne4 {[%clk 0:03:59]} 22. Bb2 {[%clk 0:05:31]} Bxc3
{[%clk 0:00:58]} 23. Nd5 {[%clk 0:05:30]} Bxd5 {[%clk 0:00:58]} 24. Rxd5
{[%clk 0:05:38]} Nd2 {[%clk 0:01:04]} 25. Rd1 {[%clk 0:05:01]} Bxb2
{[%clk 0:00:54]} 26. R1xd2 {[%clk 0:03:42]} Rxa3 {[%clk 0:00:31]} 27. g3
{[%clk 0:03:24]} Ra1+ {[%clk 0:00:27]} 28. Kg2 {[%clk 0:03:33]} Ba3
{[%clk 0:00:33]} 29. Rd8+ {[%clk 0:03:35]} Kg7 {[%clk 0:00:42]} 30. Ra8
{[%clk 0:03:43]} b5 {[%clk 0:00:26]} 31. c3 {[%clk 0:02:52]} b4 {[%clk 0:00:20]}
32. cxb4 {[%clk 0:02:03]} Bxb4 {[%clk 0:00:28]} 33. Rxa1 {[%clk 0:02:10]} Bxd2
{[%clk 0:00:37]} 34. Rb1 {[%clk 0:02:20]} h5 {[%clk 0:00:38]} 35. Rxb7
{[%clk 0:02:28]} Bg5 {[%clk 0:00:35]} 36. Kf3 {[%clk 0:02:12]} f5
{[%clk 0:00:34]} 37. Ke2 {[%clk 0:02:16]} Kf7 {[%clk 0:00:43]} 38. Rb4
{[%clk 0:02:07]} Bf6 {[%clk 0:00:48]} 39. g4 {[%clk 0:02:11]} hxg4
{[%clk 0:00:40]} 40. hxg4 {[%clk 0:02:20]} fxg4 {[%clk 0:00:37]} 41. Rxg4
{[%clk 0:02:29]} Be5 {[%clk 0:00:35]} 42. Kf3 {[%clk 0:02:37]} Bf6
{[%clk 0:00:43]} 43. Ke4 {[%clk 0:02:45]} Bg7 {[%clk 0:00:36]} 44. Kd5
{[%clk 0:02:53]} Bf6 {[%clk 0:00:44]} 45. Rf4 {[%clk 0:03:02]} g5
{[%clk 0:00:18]} 46. Rf3 {[%clk 0:03:04]} Kg6 {[%clk 0:00:20]} 47. Ke4
{[%clk 0:03:00]} Bg7 {[%clk 0:00:25]} 48. Rb3 {[%clk 0:03:08]} Bf6
{[%clk 0:00:32]} 49. Rb6 {[%clk 0:03:16]} Kg7 {[%clk 0:00:32]} 50. Kf5
{[%clk 0:03:20]} Kf7 {[%clk 0:00:41]} 51. Rb7 {[%clk 0:03:23]} Kg7
{[%clk 0:00:49]} 52. f3 {[%clk 0:03:02]} Kf7 {[%clk 0:00:58]} 53. Ra7
{[%clk 0:03:11]} Kg7 {[%clk 0:01:05]} 54. Ke6 {[%clk 0:03:19]} Kg6
{[%clk 0:01:12]} 55. Ra8 {[%clk 0:03:28]} Kg7 {[%clk 0:00:50]} 56. Rb8
{[%clk 0:03:32]} Kg6 {[%clk 0:00:56]} 57. Rg8+ {[%clk 0:03:40]} Kh5
{[%clk 0:00:24]} 58. Kf5 {[%clk 0:03:35]} Kh6 {[%clk 0:00:20]} 59. Ra8
{[%clk 0:03:10]} Kg7 {[%clk 0:00:25]} 60. Ke6 {[%clk 0:03:19]} Kg6
{[%clk 0:00:31]} 61. Ra4 {[%clk 0:03:27]} Kg7 {[%clk 0:00:13]} 62. Rg4
{[%clk 0:03:31]} Kg6 {[%clk 0:00:17]} 63. Rg2 {[%clk 0:03:39]} Kg7
{[%clk 0:00:24]} 64. Kf5 {[%clk 0:02:20]} Kh6 {[%clk 0:00:25]} 65. Rg1
{[%clk 0:02:27]} Kh7 {[%clk 0:00:30]} 66. Kg4 {[%clk 0:01:21]} Kg6
{[%clk 0:00:38]} 67. Rb1 {[%clk 0:01:30]} Be5 {[%clk 0:00:28]} 68. Rb6+
{[%clk 0:01:37]} Bf6 {[%clk 0:00:17]} 69. Ra6 {[%clk 0:01:45]} Kg7
{[%clk 0:00:26]} 70. Kh5 {[%clk 0:01:53]} Kh7 {[%clk 0:00:28]} 71. Ra2
{[%clk 0:01:58]} Kg7 {[%clk 0:00:36]} 72. Re2 {[%clk 0:02:05]} Kf7
{[%clk 0:00:23]} 73. Kh6 {[%clk 0:02:12]} Ke8 {[%clk 0:00:27]} 74. Kg6
{[%clk 0:02:21]} Kd7 {[%clk 0:00:36]} 75. Kf7 {[%clk 0:02:29]} Kd8
{[%clk 0:00:20]} 76. Re6 {[%clk 0:02:35]} Bb2 {[%clk 0:00:16]} 77. Rxe7
{[%clk 0:02:43]} Bc1 {[%clk 0:00:24]} 78. Re1 {[%clk 0:02:48]} Bf4
{[%clk 0:00:31]} 79. Rd1+ {[%clk 0:02:57]} Ke8+ 1-0

[Event "Russian Championship (Rapid, Men)"]
[Site "Sochi"]
[Date "2018.10.06"]
[Round "8.8"]
[White "Sjugirov, Sanan"]
[Black "Sychev, Klementy"]
[Result "0-1"]
[BlackElo "2578"]
[WhiteElo "2735"]
[LiveChessVersion "1.4.8"]

1. Nf3 {[%clk 0:15:16]} Nf6 {[%clk 0:15:18]} 2. c4 {[%clk 0:15:22]} c5
{[%clk 0:15:04]} 3. e3 {[%clk 0:14:32]} g6 {[%clk 0:15:05]} 4. d4
{[%clk 0:14:29]} cxd4 {[%clk 0:15:13]} 5. exd4 {[%clk 0:14:19]} d5
{[%clk 0:15:19]} 6. Nc3 {[%clk 0:13:21]} Bg7 {[%clk 0:15:27]} 7. Be2
{[%clk 0:08:42]} O-O {[%clk 0:15:34]} 8. O-O {[%clk 0:08:49]} Nc6
{[%clk 0:15:42]} 9. Bg5 {[%clk 0:08:39]} Be6 {[%clk 0:15:36]} 10. c5
{[%clk 0:07:38]} Ne4 {[%clk 0:15:45]} 11. Be3 {[%clk 0:07:06]} Nxc5
{[%clk 0:15:52]} 12. dxc5 {[%clk 0:06:58]} d4 {[%clk 0:16:02]} 13. Nxd4
{[%clk 0:06:49]} Nxd4 {[%clk 0:16:09]} 14. Bf3 {[%clk 0:06:35]} Nxf3+
{[%clk 0:13:23]} 15. Qxf3 {[%clk 0:06:43]} Qc8 {[%clk 0:13:26]} 16. Rac1
{[%clk 0:06:15]} Rd8 {[%clk 0:11:34]} 17. Qg3 {[%clk 0:05:51]} Qc6
{[%clk 0:09:28]} 18. b3 {[%clk 0:02:50]} Bf5 {[%clk 0:08:24]} 19. Rfe1
{[%clk 0:02:41]} Rd3 {[%clk 0:06:46]} 20. Ne2 {[%clk 0:02:50]} Rad8
{[%clk 0:06:55]} 21. Qh4 {[%clk 0:01:59]} Bb2 {[%clk 0:03:13]} 22. Rc4
{[%clk 0:01:03]} Rd1 {[%clk 0:03:07]} 23. f3 {[%clk 0:00:57]} Qa6
{[%clk 0:01:27]} 24. Rxd1 {[%clk 0:00:48]} Rxd1+ {[%clk 0:01:35]} 25. Kf2
{[%clk 0:00:57]} Bf6 {[%clk 0:01:01]} 26. Bg5 {[%clk 0:01:06]} Bd3
{[%clk 0:00:49]} 27. Bxf6 {[%clk 0:00:37]} Bxc4 {[%clk 0:00:40]} 28. Bc3
{[%clk 0:00:33]} Bxe2 {[%clk 0:00:23]} 29. Qxe7 {[%clk 0:00:42]} Qe6
{[%clk 0:00:15]} 30. Qxb7 {[%clk 0:00:14]} Rd8 {[%clk 0:00:12]} 31. c6
{[%clk 0:00:11]} Bd3 {[%clk 0:00:16]} 32. c7 {[%clk 0:00:19]} Rc8
{[%clk 0:00:23]} 33. Qxa7 {[%clk 0:00:16]} Qd6 {[%clk 0:00:30]} 34. Ba5
{[%clk 0:00:11]} Bf5 {[%clk 0:00:25]} 35. h3 {[%clk 0:00:13]} h5 {[%clk 0:00:29]}
36. Qe3 {[%clk 0:00:21]} h4 {[%clk 0:00:29]} 37. Qc3 {[%clk 0:00:14]} Re8
{[%clk 0:00:33]} 38. Kg1 {[%clk 0:00:17]} Qg3 {[%clk 0:00:14]} 39. Qd4
{[%clk 0:00:12]} Re2 {[%clk 0:00:12]} 40. Qd8+ {[%clk 0:00:11]} Kh7
{[%clk 0:00:21]} 0-1

[Event "Russian Championship (Rapid, Men)"]
[Site "Sochi"]
[Date "2018.10.06"]
[Round "8.9"]
[White "Moiseenko, Vadim"]
[Black "Ponkratov, Pavel"]
[Result "0-1"]
[BlackElo "2708"]
[WhiteElo "2577"]
[LiveChessVersion "1.4.8"]

1. g3 {[%clk 0:15:18]} d5 {[%clk 0:15:09]} 2. Nf3 {[%clk 0:15:23]} c6
{[%clk 0:15:01]} 3. Bg2 {[%clk 0:15:30]} Bg4 {[%clk 0:15:09]} 4. O-O
{[%clk 0:15:30]} Nd7 {[%clk 0:15:17]} 5. h3 {[%clk 0:15:18]} Bh5 {[%clk 0:15:20]}
6. d3 {[%clk 0:15:01]} e5 {[%clk 0:15:18]} 7. Qe1 {[%clk 0:14:53]} f6
{[%clk 0:14:50]} 8. Nbd2 {[%clk 0:14:26]} Bd6 {[%clk 0:14:28]} 9. e4
{[%clk 0:14:15]} Ne7 {[%clk 0:14:14]} 10. a4 {[%clk 0:13:57]} O-O
{[%clk 0:14:19]} 11. b3 {[%clk 0:14:04]} Bb4 {[%clk 0:14:21]} 12. Ba3
{[%clk 0:13:37]} a5 {[%clk 0:13:57]} 13. Bxb4 {[%clk 0:12:45]} axb4
{[%clk 0:14:05]} 14. d4 {[%clk 0:12:41]} Qc7 {[%clk 0:12:34]} 15. Rc1
{[%clk 0:12:22]} Rae8 {[%clk 0:12:24]} 16. dxe5 {[%clk 0:09:10]} fxe5
{[%clk 0:12:19]} 17. c3 {[%clk 0:08:15]} bxc3 {[%clk 0:09:17]} 18. Rxc3
{[%clk 0:08:24]} d4 {[%clk 0:09:26]} 19. Rc1 {[%clk 0:08:29]} c5 {[%clk 0:09:28]}
20. b4 {[%clk 0:08:20]} b6 {[%clk 0:09:37]} 21. b5 {[%clk 0:07:16]} Nc8
{[%clk 0:09:39]} 22. Nh4 {[%clk 0:05:45]} Nd6 {[%clk 0:08:02]} 23. Nf5
{[%clk 0:05:54]} Bg6 {[%clk 0:07:41]} 24. Nxd6 {[%clk 0:05:45]} Qxd6
{[%clk 0:07:50]} 25. a5 {[%clk 0:05:51]} bxa5 {[%clk 0:07:26]} 26. Nc4
{[%clk 0:05:59]} Qe6 {[%clk 0:07:34]} 27. Qxa5 {[%clk 0:05:51]} Ra8
{[%clk 0:07:41]} 28. Qd2 {[%clk 0:05:51]} Rab8 {[%clk 0:07:16]} 29. Qd3
{[%clk 0:03:45]} Nf6 {[%clk 0:06:25]} 30. Rfe1 {[%clk 0:01:50]} Be8
{[%clk 0:06:07]} 31. Na3 {[%clk 0:01:45]} Nd7 {[%clk 0:06:16]} 32. Bf1
{[%clk 0:01:45]} Kh8 {[%clk 0:06:17]} 33. Rc2 {[%clk 0:01:47]} Bh5
{[%clk 0:06:02]} 34. Bg2 {[%clk 0:01:49]} Ra8 {[%clk 0:06:05]} 35. Rb1
{[%clk 0:01:30]} Rfb8 {[%clk 0:06:02]} 36. f4 {[%clk 0:01:28]} exf4
{[%clk 0:05:28]} 37. gxf4 {[%clk 0:01:37]} Qh6 {[%clk 0:05:31]} 38. Rf1
{[%clk 0:01:21]} Bf7 {[%clk 0:04:27]} 39. e5 {[%clk 0:01:12]} Ra4
{[%clk 0:04:05]} 40. Re2 {[%clk 0:00:46]} Qb6 {[%clk 0:04:12]} 41. Rc1
{[%clk 0:00:37]} Qa5 {[%clk 0:03:45]} 42. e6 {[%clk 0:00:34]} Bxe6
{[%clk 0:03:14]} 43. Rxe6 {[%clk 0:00:43]} Rxa3 {[%clk 0:03:23]} 44. Qe2
{[%clk 0:00:31]} Rf8 {[%clk 0:02:49]} 45. Ra6 {[%clk 0:00:35]} Qb4
{[%clk 0:02:53]} 46. Qe7 {[%clk 0:00:44]} Rg3 {[%clk 0:02:32]} 47. Qxd7
{[%clk 0:00:11]} 0-1

[Event "Russian Championship (Rapid, Men)"]
[Site "Sochi"]
[Date "2018.10.06"]
[Round "8.10"]
[White "Vastrukhin, Oleg"]
[Black "Dubov, Daniil"]
[Result "0-1"]
[BlackElo "2697"]
[WhiteElo "2574"]
[LiveChessVersion "1.4.8"]

1. g3 {[%clk 0:15:17]} e5 {[%clk 0:15:06]} 2. Bg2 {[%clk 0:15:26]} d5
{[%clk 0:15:00]} 3. c3 {[%clk 0:15:31]} Nf6 {[%clk 0:14:34]} 4. d4
{[%clk 0:15:29]} exd4 {[%clk 0:14:42]} 5. cxd4 {[%clk 0:15:37]} c6
{[%clk 0:14:51]} 6. Nc3 {[%clk 0:15:39]} Bd6 {[%clk 0:14:44]} 7. Nh3
{[%clk 0:15:10]} Na6 {[%clk 0:14:31]} 8. O-O {[%clk 0:14:31]} Nc7
{[%clk 0:14:07]} 9. f3 {[%clk 0:13:35]} c5 {[%clk 0:12:12]} 10. Be3
{[%clk 0:08:22]} b6 {[%clk 0:11:44]} 11. Qd2 {[%clk 0:07:37]} O-O
{[%clk 0:11:37]} 12. Rfd1 {[%clk 0:07:24]} Re8 {[%clk 0:11:25]} 13. Nf4
{[%clk 0:06:35]} Bb7 {[%clk 0:11:11]} 14. Rac1 {[%clk 0:06:33]} c4
{[%clk 0:10:57]} 15. Bf2 {[%clk 0:05:45]} b5 {[%clk 0:10:59]} 16. Re1
{[%clk 0:05:54]} a5 {[%clk 0:09:29]} 17. e4 dxe4 {[%clk 0:09:25]} 18. Nxe4
{[%clk 0:05:00]} Nxe4 {[%clk 0:09:27]} 19. fxe4 Bb4 20. Rc3 {[%clk 0:04:00]} Bxc3
{[%clk 0:09:44]} 21. Qxc3 {[%clk 0:04:09]} f5 {[%clk 0:08:08]} 22. d5
{[%clk 0:04:09]} fxe4 {[%clk 0:08:12]} 23. Bxe4 {[%clk 0:04:17]} Qd6
{[%clk 0:07:35]} 24. Qc2 {[%clk 0:03:43]} g6 {[%clk 0:06:49]} 25. h4
{[%clk 0:03:52]} Re7 {[%clk 0:06:17]} 26. h5 {[%clk 0:02:30]} Rae8
{[%clk 0:06:00]} 27. hxg6 {[%clk 0:02:38]} hxg6 {[%clk 0:06:08]} 28. Nxg6
{[%clk 0:02:09]} Rxe4 {[%clk 0:03:54]} 29. Rxe4 {[%clk 0:02:17]} Qxg6
{[%clk 0:04:02]} 30. Rxe8+ {[%clk 0:02:25]} Qxe8 {[%clk 0:04:11]} 31. d6
{[%clk 0:01:19]} Qh5 {[%clk 0:03:57]} 32. Kf1 {[%clk 0:01:28]} Qh3+
{[%clk 0:02:51]} 33. Ke1 {[%clk 0:01:34]} Qe6+ {[%clk 0:02:55]} 34. Qe2
{[%clk 0:01:41]} Qxd6 {[%clk 0:02:55]} 35. Qg4+ {[%clk 0:01:45]} Kf8
{[%clk 0:02:53]} 36. Be3 {[%clk 0:00:35]} Qe6 {[%clk 0:02:48]} 37. Qf4+
{[%clk 0:00:25]} Ke8 {[%clk 0:02:56]} 38. Kd2 {[%clk 0:00:25]} Kd7
{[%clk 0:02:46]} 39. Bd4 {[%clk 0:00:14]} b4 {[%clk 0:02:43]} 40. Qg5
{[%clk 0:00:14]} Nd5 {[%clk 0:02:39]} 41. Qg7+ {[%clk 0:00:11]} Kc6
{[%clk 0:02:34]} 42. Qf8 {[%clk 0:00:20]} c3+ {[%clk 0:02:22]} 43. bxc3
{[%clk 0:00:28]} bxc3+ {[%clk 0:02:31]} 44. Bxc3 {[%clk 0:00:31]} Qe3+
{[%clk 0:02:39]} 0-1

[Event "Russian Championship (Rapid, Men)"]
[Site "Sochi"]
[Date "2018.10.06"]
[Round "8.12"]
[White "Bocharov, Dmitry"]
[Black "Lysyj, Igor"]
[Result "1-0"]
[BlackElo "2644"]
[WhiteElo "2568"]
[LiveChessVersion "1.4.8"]

1. c4 {[%clk 0:15:18]} e6 {[%clk 0:15:18]} 2. Nf3 {[%clk 0:15:26]} d5
{[%clk 0:14:58]} 3. e3 {[%clk 0:15:34]} dxc4 {[%clk 0:14:46]} 4. Bxc4
{[%clk 0:15:39]} Nf6 {[%clk 0:14:44]} 5. O-O {[%clk 0:15:43]} c5 {[%clk 0:14:53]}
6. Qe2 {[%clk 0:13:44]} Nc6 {[%clk 0:14:59]} 7. Rd1 {[%clk 0:13:39]} a6
{[%clk 0:15:06]} 8. d4 {[%clk 0:12:20]} Qc7 {[%clk 0:15:10]} 9. Nc3
{[%clk 0:11:36]} b5 {[%clk 0:15:16]} 10. Bb3 {[%clk 0:11:44]} Bb7
{[%clk 0:14:20]} 11. d5 {[%clk 0:11:25]} exd5 {[%clk 0:14:06]} 12. Nxd5
{[%clk 0:11:33]} Nxd5 {[%clk 0:14:14]} 13. Bxd5 {[%clk 0:11:42]} Be7
{[%clk 0:13:58]} 14. a4 {[%clk 0:11:50]} Qb6 {[%clk 0:13:49]} 15. axb5
{[%clk 0:09:03]} axb5 {[%clk 0:13:58]} 16. Rxa8+ {[%clk 0:09:12]} Bxa8
{[%clk 0:14:06]} 17. e4 {[%clk 0:07:44]} O-O {[%clk 0:12:53]} 18. Be3
{[%clk 0:07:28]} Nb4 {[%clk 0:10:49]} 19. Bxa8 {[%clk 0:06:57]} Rxa8
{[%clk 0:10:57]} 20. h3 {[%clk 0:07:04]} Qb7 {[%clk 0:08:45]} 21. Bd2
{[%clk 0:04:28]} Nc6 {[%clk 0:07:47]} 22. e5 {[%clk 0:04:32]} Nd8
{[%clk 0:01:12]} 23. Bg5 {[%clk 0:04:18]} Bxg5 {[%clk 0:01:20]} 24. Nxg5
{[%clk 0:04:26]} h6 {[%clk 0:00:48]} 25. Ne4 {[%clk 0:04:01]} c4 {[%clk 0:00:54]}
26. Nd6 {[%clk 0:02:28]} Qc6 {[%clk 0:01:03]} 27. Qg4 {[%clk 0:02:37]} Ne6
{[%clk 0:01:03]} 28. Nf5 {[%clk 0:02:34]} Qc5 {[%clk 0:00:46]} 29. Nxh6+
{[%clk 0:02:24]} Kf8 {[%clk 0:00:55]} 30. Nxf7 {[%clk 0:02:18]} 1-0